000 01845cam a22003251i 4500
003 SA-RiAUC
005 20241216144248.0
008 241214s2005 su g 000 0 ara c
040 _aEG-CaDAJ
_bara
_cSA-RiAUC
_erda
050 4 _b.N39 2005
082 0 4 _a237.3
_qSA-RiAUC
090 _a237.3
_b ن و و
100 1 _aالنووي، يحيى بن شرف بن مري،
_d631-676 هجري
_eمؤلف.
245 1 2 _aالأذكار من كلام سيد الأبرار، أو، حلية الأبرار وشعار الأخيار في تلخيص الدعوات والأذكار المستحبة في الليل والنهار /
_cتأليف يحيى بن شرف النووي ؛ تحقيق صلاح الدين محمد مأمون الحمصي، عبد اللطيف أحمد.
246 3 3 _aحلية الأبرار وشعار الأخيار في تلخيص الدعوات والأذكار المستحبة في الليل والنهار
250 _aالطبعة الأولى.
264 1 _aجدة، السعودية :
_bدار المنهاج،
_c2005
300 _a736 صفحة ؛
_c24 سم
336 _aنص
_btxt
_2rdacontent
_3كتاب
337 _aبدون وسيط
_bn
_2rdamedia
338 _aمجلد
_bnc
_2rdacarrier
500 _aاهداء من الاستاذ عبدالكريم اسماعيل في 6 رجب 1426هـ
650 7 _aالأدعية والأوراد
_2aucsh
650 7 _aالحديث
_xجوامع الفنون
_2aucsh
700 1 2 _iتحقيق لـ (عمل) :
_aالنووي، يحيى بن شرف بن مري،
_d631-676 هجري.
_tالأذكار المنتخبة من كلام سيد الأبرار
700 1 _aالحمصي، صلاح الدين محمد مأمون
_eمحقق.
700 1 _aعبد اللطيف، أحمد
_eمحقق.
942 _2ddc
_cBOOK
_n0
949 _aSA-JeALM
_d241214
_uosman123
_n1
999 _c3568
_d3568